000 00434nam a2200169Ia 4500
008 240729s9999 xx 000 0 und d
022 _a2451-070X
245 0 _aJournal of Ultrasonography
260 _aPoland
260 _bSciendo
650 _a Medical technology
650 _a Medicine (General)
650 _aMedicine
856 _uhttps://doaj.org/toc/238fc686d9834c8e92b4d782a337656f
942 _2ddc
942 _cDOAJEJ
999 _c70343
_d70343
945 _a1
_bMadushi Gamage
_c1
_dMadushi Gamage